Представление документа в формате RUSMARC

ПолеНазваниеЗначение
  Тип записи a
  Библиографический уровень a
001 Контрольный номер RU/CBS_UL/BASE/42c279e29c7d4d0cb7ed138f82243ece
005 Дата корректировки 20260304104531.3
100 Данные общей обработки __
a Данные общей обработки 20260304 ||| 0rusy0189 ca
101 Язык документа 0_
a Язык текста rus
102 Страна публикации __
a Страна публикации RU
200 Заглавие и сведения об ответственности 1_
a Заглавие Собрал? Сохрани!
e Сведения, относящиеся к заглавию [как правильно сохранить семена]
f Первые сведения об ответственности Т. Тодорова
300 Общие примечания __
a Общие примечания 12+
461 Уровень набора _0
1 2000
a Дачный клуб
463 Уровень физической единицы _0
1 2000
a № 12
v С. 8-9 : фото
1 2101
d 2025
1 001RU/CBS_UL/BASE/b85fa3fd5ea54327a3e65054cb67b607
606 Тематические рубрики 0_
a Основная рубрика Семена - Хранение
610 Ключевые слова 0_
a Ключевые слова семена
610 Ключевые слова 0_
a Ключевые слова посевной материал
610 Ключевые слова 0_
a Ключевые слова подготовка семян
610 Ключевые слова 0_
a Ключевые слова хранение семян
686 Индексы других классификаций __
2 Код системы rubbk
a Классификационный индекс 41.486
700 Автор _1
a Фамилия Тодорова
b Имя (инициалы) Т.
801 Источник записи _0
a Страна RU
b Организация МБУК ЦБС г. Ульяновска
c Дата составления 20260304
g Правила каталогизации RCR
801 Источник записи _1
a Страна RU
b Организация МБУК ЦБС г. Ульяновска
c Дата составления 20260304
g Правила каталогизации RCR
901 Тип документа __
t Тип документа b
w Контрольный № источника RU/CBS_UL/BASE/b85fa3fd5ea54327a3e65054cb67b607
909 Создатель записи __
a Создатель записи lib2